00461nam a2200145Ia 4500008004100000041000800041082001500049100002000064245002900084260002100113300003100134365001200165999001500177952012300192240624s9999 xx 000 0 und d aeng a361.06 MAC aMACLENNAN NIGEL aCOUNSELLING FOR MANAGERS c1996aUSAbGower axii, : 281 : p. : cm. ; 23 cBPSb35 c7525d7525 00104070aIMTNbIMTNcRack 15-Ad2007-11-30eBUg29.50o361.06 MACp7525r2024-06-24 00:00:00t80.52w2024-06-24yBK